000
00369nam a2200157 a 4500
005
20140310183234.0
008
040709s19uu xx 00 eng d
050
_a
RC 900
_b
.N277 1997
100
_a
NTTC
245
_a
Urinary system :
_b
AP10 /
_c
NTTC.
260
_c
1997.
300
_a
30 p. :
_c
22 cm.
942
_c
BK
_2
lcc
_k
LOC
999
_c
20536
_d
20536